=LDR 00000nam 2200000 4500 =001 INLIS000000000024932 =005 20251219082040 =035 ##$$a 0010-061300000024932 =008 251219###########################0#ind## =041 ##$$a Ind =082 ##$$a 028.5 =090 ##$$a 028.5, Dav g =100 ##$$a Davis, Jim =245 1#$$a Garfield di peternakan, /$c Jim Davis =260 ##$$a Jakarta :$b Gaya Favorit Press,$c 1992 =300 ##$$a 32 hlm, : $b ilus ; $c 21 cm =650 #4$$a Bacaan anak =850 ##$$a NBPNMAT =020 ##$$a 979-515-208-4 =084 ##$$a 028.5 DAV g =990 ##$$a 3121931219